Countries where Diwali is a public holiday - Statistics

General Stats
  • This quiz has been taken 295 times
  • The average score is 7 of 11
Answer Stats
Country % Correct
India
100%
Nepal
91%
Sri Lanka
84%
Myanmar
63%
Malaysia
61%
Mauritius
58%
Singapore
57%
Fiji
50%
Guyana
42%
Suriname
38%
Trinidad and Tobago
33%
No matching quizzes found
Score Distribution
Percent of People with Each Score
Percentile by Number Answered
Your Score History
You have not taken this quiz